<?xml version="1.0" encoding="UTF-8"?>
<record
    xmlns:xsi="http://www.w3.org/2001/XMLSchema-instance"
    xsi:schemaLocation="http://www.loc.gov/MARC21/slim http://www.loc.gov/standards/marcxml/schema/MARC21slim.xsd"
    xmlns="http://www.loc.gov/MARC21/slim">

  <leader>00410nam a2200157Ia 4500</leader>
  <controlfield tag="008">220803s9999    xx            000 0 und d</controlfield>
  <datafield tag="020" ind1=" " ind2=" ">
    <subfield code="a">0-85139-140-0</subfield>
  </datafield>
  <datafield tag="041" ind1=" " ind2=" ">
    <subfield code="a">eng</subfield>
  </datafield>
  <datafield tag="082" ind1=" " ind2=" ">
    <subfield code="a">720.47 KON</subfield>
  </datafield>
  <datafield tag="100" ind1=" " ind2=" ">
    <subfield code="a">Konya A</subfield>
    <subfield code="9">12144</subfield>
  </datafield>
  <datafield tag="245" ind1=" " ind2=" ">
    <subfield code="a">Design Primer For Hot Climates</subfield>
  </datafield>
  <datafield tag="260" ind1=" " ind2=" ">
    <subfield code="a">London</subfield>
    <subfield code="b">Architectural Press</subfield>
    <subfield code="c">1980</subfield>
  </datafield>
  <datafield tag="300" ind1=" " ind2=" ">
    <subfield code="a">132p</subfield>
  </datafield>
  <datafield tag="500" ind1=" " ind2=" ">
    <subfield code="a">Environment</subfield>
  </datafield>
  <datafield tag="650" ind1=" " ind2=" ">
    <subfield code="a">Environmental Architecture</subfield>
    <subfield code="9">12145</subfield>
  </datafield>
  <datafield tag="999" ind1=" " ind2=" ">
    <subfield code="c">9808</subfield>
    <subfield code="d">9808</subfield>
  </datafield>
  <datafield tag="952" ind1=" " ind2=" ">
    <subfield code="0">0</subfield>
    <subfield code="1">0</subfield>
    <subfield code="4">0</subfield>
    <subfield code="7">3</subfield>
    <subfield code="8">Book of B Arch</subfield>
    <subfield code="a">BNCA</subfield>
    <subfield code="b">BNCA</subfield>
    <subfield code="c">T8</subfield>
    <subfield code="d">1996-10-19</subfield>
    <subfield code="e">Nivsarkar</subfield>
    <subfield code="g">600.00</subfield>
    <subfield code="o">720.47 KON</subfield>
    <subfield code="p">BNCA-BK-1579</subfield>
    <subfield code="r">2022-08-03 00:00:00</subfield>
    <subfield code="v">600.00</subfield>
    <subfield code="w">1996-10-19</subfield>
    <subfield code="y">BK</subfield>
    <subfield code="z">B001579</subfield>
  </datafield>
  <datafield tag="952" ind1=" " ind2=" ">
    <subfield code="0">0</subfield>
    <subfield code="1">0</subfield>
    <subfield code="4">0</subfield>
    <subfield code="7">0</subfield>
    <subfield code="8">Book of M Arch EA</subfield>
    <subfield code="a">BNCA</subfield>
    <subfield code="b">BNCA</subfield>
    <subfield code="c">T8</subfield>
    <subfield code="d">2012-09-18</subfield>
    <subfield code="e">Flipkart.com</subfield>
    <subfield code="g">907.00</subfield>
    <subfield code="l">3</subfield>
    <subfield code="o">720.47 KON</subfield>
    <subfield code="p">BNCA-BK-7965</subfield>
    <subfield code="r">2025-08-14 00:00:00</subfield>
    <subfield code="s">2025-08-01</subfield>
    <subfield code="v">907.00</subfield>
    <subfield code="w">2012-09-10</subfield>
    <subfield code="y">BK</subfield>
    <subfield code="z">B007965</subfield>
  </datafield>
  <datafield tag="952" ind1=" " ind2=" ">
    <subfield code="0">0</subfield>
    <subfield code="1">0</subfield>
    <subfield code="4">0</subfield>
    <subfield code="7">0</subfield>
    <subfield code="a">BNCA</subfield>
    <subfield code="b">BNCA</subfield>
    <subfield code="c">T8</subfield>
    <subfield code="d">2008-10-20</subfield>
    <subfield code="e">BNCA</subfield>
    <subfield code="l">0</subfield>
    <subfield code="o">720.47 KON/VAN</subfield>
    <subfield code="p">BNCA-DB-125</subfield>
    <subfield code="r">2022-08-03 00:00:00</subfield>
    <subfield code="w">2022-08-03</subfield>
    <subfield code="y">DB</subfield>
    <subfield code="z">DB000125</subfield>
  </datafield>
</record>
